Library of the University of Algiers 3
Ibrahim Sultan Cheibout
شعار جامعة الجزائر 3
مكتبة جامعة الجزائر 3
إبراهيم سلطان شيبوط

Financial Organizations and International Trade / (رقم التسجيلة. 41501)

تفاصيل مارك
000 -LEADER
fixed length control field 01593nam a2200229Ia 4500
003 - CONTROL NUMBER IDENTIFIER
control field Ost
005 - DATE AND TIME OF LATEST TRANSACTION
control field 20260426125804.0
008 - FIXED-LENGTH DATA ELEMENTS--GENERAL INFORMATION
fixed length control field 260426s9999||||xx |||||||||||||| ||und||
040 ## - CATALOGING SOURCE
Transcribing agency fsecg
041 ## - LANGUAGE CODE
Language code of text/sound track or separate title eng
082 ## - DEWEY DECIMAL CLASSIFICATION NUMBER
Classification number 382
100 ## - MAIN ENTRY--PERSONAL NAME
Personal name Ladjedel, Khaled
Relator term Author
245 #0 - TITLE STATEMENT
Title Financial Organizations and International Trade /
Statement of responsibility, etc. Khaled Ladjedel
260 ## - PUBLICATION, DISTRIBUTION, ETC.
Place of publication, distribution, etc. Algiers :
Name of publisher, distributor, etc. University of Algiers 3 Faculty of Economics Commercial Sciences and Management,
Date of publication, distribution, etc. 2024
300 ## - PHYSICAL DESCRIPTION
Extent 110 paper,
Dimensions 12 cm
504 ## - BIBLIOGRAPHY, ETC. NOTE
Bibliography, etc. note References paper 96
520 ## - SUMMARY, ETC.
Summary, etc. The document provides a comprehensive overview of international financial organizations, their history, functions, and impact on global trade. It begins by defining key concepts and classifying financial institutions based on various criteria. The document delves into the objectives and activities of financial institutions, highlighting their role in economic development and risk management. It then explores the emergence of international trade, its theories, and the factors influencing its growth. A significant portion of the document is dedicated to major international organizations such as the International Monetary Fund (IMF), the World Bank, and the World Trade Organization (WTO). It details their structures, objectives, and functions, while also discussing their impact on global economic policies and trade relations.
653 ## - INDEX TERM--UNCONTROLLED
Uncontrolled term Financial Organizations
653 ## - INDEX TERM--UNCONTROLLED
Uncontrolled term International trade
710 ## - ADDED ENTRY--CORPORATE NAME
Corporate name or jurisdiction name as entry element University of Algiers 3 Faculty of Economics Commercial Sciences and Management
Relator term Scientific publisher
942 ## - ADDED ENTRY ELEMENTS (KOHA)
Koha item type مطبوعات
المقتنيات
Withdrawn status Lost status Source of classification or shelving scheme Damaged status Not for loan Home library Current library Date acquired Serial enumeration / chronology Inventory number Total checkouts Full call number Barcode Date last seen Price effective from Koha item type
    Dewey Decimal Classification   NOT LOAN / إعارة داخلية مكتبة كلية العلوم الإقتصادية والعلوم التجارية وعلوم التسيير مكتبة كلية العلوم الإقتصادية والعلوم التجارية وعلوم التسيير 26/04/2026 Second floor Po.882-1   Po.882 exp1 Po.882-1 26/04/2026 26/04/2026 مطبوعات

موارد الويب المفتوحة


© University of Algiers 3 All Rights Reserved
|
Implemented by LECHELAH Riad